000 00428nab a2200145Ia 4500
003 ES-SlBCS
005 20210601125241.0
008 140529s1979 xxu||||| |||| 00| 0 eng d
041 _aeng
100 1 _aKesarcodi-Watson, Ian
_9155968
245 0 0 _aAtma-Vidya and Ego
_c Ian Kesarcodi-Watson
650 0 4 _aEgo
_9131485
773 0 _tPhilosophy and Phenomenological Research
_gvol. 40, 1979, págs. 130-134
_wRev1411
942 _cAR
999 _c527233
_d527233